00237nam a2200097Ia 4500008004100000041001200041100001600053245005700069260000600126650000700132221030s9999 xx 000 0 und d aEnglish aW.H. Murray 0aVisual C++6 : The Complete Referencecby W.H. Murray c0 aMc